[Event "18th Mikhail Chigorin Memorial"]
[Site "Sochi URS"]
[Date "1984.10.01"]
[Round "1"]
[White "Sveshnikov, Evgeny"]
[Black "Barlov, Dragan"]
[WhiteElo "2530"]
[BlackElo "2480"]
[Result "1/2-1/2"]
[EventDate "1984.10.01"]
[PlyCount "90"]

1. e4 e5 2. Nf3 Nc6 3. d4 exd4 4. Bc4 d6 5. Nxd4 Nf6 6. Nc3 Be7 7. O-O O-O 8. Re1 Nxd4 9. Qxd4 Nd7 10. Nd5 Bf6 11. Nxf6+ Qxf6 12. Qxf6 Nxf6 13. e5 Re8 14. Bf4 dxe5 15. Bxe5 Bf5 16. Bb3 c6 17. Bxf6 gxf6 18. f3 Kf8 19. Kf2 a5 20. Rxe8+ Kxe8 21. Re1+ Kf8 22. a4 Rd8 23. g4 Bc8 24. c3 h6 25. Bc2 Rd2+ 26. Re2 Rxe2+ 27. Kxe2 Be6 28. Kf2 c5 29. b3 b6 30. c4 Bc8 31. Be4 Bd7 32. Kg3 Bc8 33. Kf4 Bd7 34. Bb7 Ke7 35. Ke4 Be6 36. h4 Kf8 37. Bd5 Bd7 38. Kf4 Ke7 39. Kg3 Kf8 40. Bb7 Be6 41. f4 f5 42. g5 Kg7 43. h5 f6 44. g6 Kf8 45. Kf3 Kg7 1/2-1/2

[Event "18th Mikhail Chigorin Memorial"]
[Site "Sochi URS"]
[Date "1984.10.02"]
[Round "2"]
[White "Groszpeter, Attila"]
[Black "Yrjoelae, Jouni"]
[WhiteElo "2480"]
[BlackElo "2515"]
[Result "1/2-1/2"]
[EventDate "1984.10.01"]
[PlyCount "82"]

1. d4 Nf6 2. c4 g6 3. Nf3 Bg7 4. g3 O-O 5. Bg2 d5 6. cxd5 Nxd5 7. O-O Nb6 8. e4 Bg4 9. d5 c6 10. h3 Bxf3 11. Bxf3 cxd5 12. exd5 N8d7 13. Nc3 Nc4 14. Re1 Rc8 15. Rb1 Re8 16. Ne4 Ndb6 17. Ng5 h6 18. Nxf7 Kxf7 19. Bg4 e5 20. b3 Nd6 21. Be6+ Rxe6 22. dxe6+ Kxe6 23. Qg4+ Kf7 24. Bb2 Rc2 25. Bxe5 Bxe5 26. Rxe5 Qf6 27. Qd4 Nf5 28. Qe4 Qc6 29. Qxc6 bxc6 30. Ra5 Nc8 31. Rd1 Ke7 32. Re5+ Kf6 33. Ra5 Nfd6 34. Ra4 Ke6 35. Kg2 Nf5 36. Re1+ Kd7 37. Rd1+ Nfd6 38. Rg4 Ne7 39. Ra4 Nec8 40. Rg4 Ne7 41. Ra4 Nec8 1/2-1/2

[Event "18th Mikhail Chigorin Memorial"]
[Site "Sochi URS"]
[Date "1984.10.11"]
[Round "9"]
[White "Boensch, Uwe"]
[Black "Barlov, Dragan"]
[WhiteElo "2460"]
[BlackElo "2480"]
[Result "1/2-1/2"]
[EventDate "1984.10.01"]
[PlyCount "66"]

1. d4 Nf6 2. c4 e6 3. Nc3 Bb4 4. e3 c5 5. Nge2 d5 6. a3 Bxc3+ 7. Nxc3 cxd4 8. exd4 dxc4 9. Bxc4 Nc6 10. Be3 O-O 11. O-O h6 12. Qd3 Ne7 13. Bf4 Bd7 14. Be5 Ng6 15. Rad1 Bc6 16. f4 Nd5 17. Bxd5 Bxd5 18. Qg3 Re8 19. f5 exf5 20. Rxf5 Be6 21. Rh5 Bb3 22. Rd2 Qa5 23. h3 Rad8 24. d5 Rxd5 25. Rxd5 Bxd5 26. Bd4 Rd8 27. Kh2 Rd7 28. Qb8+ Rd8 29. Qg3 Rd7 30. Qb8+ Rd8 31. Qg3 Rd7 32. Qb8+ Rd8 33. Qg3 Rd7 1/2-1/2

[Event "18th Mikhail Chigorin Memorial"]
[Site "Sochi URS"]
[Date "1984.10.11"]
[Round "9"]
[White "Vaisser, Anatoly"]
[Black "Groszpeter, Attila"]
[WhiteElo "2495"]
[BlackElo "2480"]
[Result "1/2-1/2"]
[EventDate "1984.10.01"]
[PlyCount "133"]

1. d4 Nf6 2. c4 e6 3. Nc3 Bb4 4. e3 O-O 5. a3 Bxc3+ 6. bxc3 d6 7. Bd3 e5 8. Ne2 e4 9. Bb1 b6 10. Ng3 Re8 11. f3 Ba6 12. Nxe4 Nxe4 13. Bxe4 Rxe4 14. fxe4 Qh4+ 15. Kd2 Nc6 16. Qf3 Na5 17. Ra2 Bxc4 18. Rb2 Re8 19. g3 Qe7 20. Ke1 Qd7 21. Rg1 Bd3 22. Qf5 Qc6 23. Bd2 Nc4 24. Rb4 a5 25. Rxc4 Bxc4 26. g4 Rxe4 27. Kf2 Be6 28. Qf3 Bd5 29. Qe2 Re8 30. Kg3 Qa4 31. Bc1 Bb7 32. Rf1 Qc6 33. Bd2 Qe4 34. Rf4 Qe6 35. Qb5 f6 36. c4 Be4 37. d5 Qe7 38. Bc3 Bg6 39. Bd4 h6 40. h4 Kh7 41. h5 Be4 42. Qb3 Kg8 43. Bb2 Qd7 44. Qc3 Re7 45. Qd4 Qe8 46. Kf2 Bh7 47. Kf3 Qa4 48. Qd2 Qb3 49. Rd4 Kf7 50. Qc3 Qa4 51. e4 Bxe4+ 52. Rxe4 Qd1+ 53. Kf4 Qf1+ 54. Qf3 Rxe4+ 55. Kxe4 Qb1+ 56. Qd3 Qxb2 57. Kf3 Qe5 58. a4 Kf8 59. Qf5 Qe8 60. Kf4 c6 61. dxc6 Qxc6 62. Qe6 Qc5 63. Kf3 Qa3+ 64. Ke4 Qc5 65. Kd3 Qc7 66. Kd4 Qc5+ 67. Kd3 1/2-1/2

[Event "18th Mikhail Chigorin Memorial"]
[Site "Sochi URS"]
[Date "1984.10.12"]
[Round "10"]
[White "Sveshnikov, Evgeny"]
[Black "Ubilava, Elizbar"]
[WhiteElo "2530"]
[BlackElo "2475"]
[Result "1-0"]
[EventDate "1984.10.01"]
[PlyCount "75"]

1. e4 c5 2. c3 Nf6 3. e5 Nd5 4. d4 cxd4 5. Nf3 Nc6 6. Bc4 Nb6 7. Bb3 d6 8. exd6 Qxd6 9. O-O Be6 10. Bxe6 Qxe6 11. Nxd4 Nxd4 12. Qxd4 Rd8 13. Qh4 h5 14. h3 Qc4 15. Qg3 Qd3 16. Be3 Nc4 17. Na3 Nxe3 18. fxe3 Rh6 19. Qf3 Rf6 20. Qxh5 Qxe3+ 21. Kh1 Rxf1+ 22. Rxf1 Qd3 23. Re1 Qd7 24. Qf3 g6 25. c4 Bg7 26. c5 Qd5 27. Qe3 Rd7 28. b4 a6 29. Qc1 Rc7 30. Rd1 Qc6 31. Qf4 f5 32. Qc4 Bf8 33. Nc2 Rd7 34. Nd4 Qe4 35. a4 f4 36. b5 f3 37. Qf1 Bg7 38. Qxf3 1-0

[Event "18th Mikhail Chigorin Memorial"]
[Site "Sochi URS"]
[Date "1984.10.15"]
[Round "11"]
[White "Groszpeter, Attila"]
[Black "Barlov, Dragan"]
[WhiteElo "2480"]
[BlackElo "2480"]
[Result "1/2-1/2"]
[EventDate "1984.10.01"]
[PlyCount "147"]

1. d4 Nf6 2. c4 e6 3. Nf3 Bb4+ 4. Bd2 a5 5. g3 d5 6. Qc2 Nc6 7. Bg2 dxc4 8. Qxc4 Qd5 9. Qd3 Qe4 10. Qxe4 Nxe4 11. a3 Bd6 12. Bf4 a4 13. Ne5 Nxd4 14. Bxe4 Nb3 15. Ra2 f5 16. Bd3 g5 17. Bb5+ c6 18. Nxc6 gxf4 19. Ne5+ Ke7 20. gxf4 Rg8 21. Bc4 b5 22. Bxb5 Bb7 23. f3 Nd4 24. Nc3 Rgc8 25. Bd3 Bc5 26. Ra1 Nb3 27. Rd1 Be3 28. Bb5 Rc7 29. Bxa4 Nc5 30. Bb5 Bxf4 31. Nd3 Nxd3+ 32. Rxd3 Be5 33. a4 Rg8 34. Kf2 Kf6 35. Rd7 Rxd7 36. Bxd7 Bd4+ 37. e3 Bc5 38. Ne2 Rd8 39. Bb5 Rd2 40. Rc1 Bb6 41. Bc6 Ba6 42. Bb5 Bxb5 43. axb5 f4 44. Rc4 fxe3+ 45. Kf1 Rxb2 46. f4 Kf5 47. h3 Rxb5 48. Kg2 Rb1 49. Ng3+ Kf6 50. Kf3 Kf7 51. Rc6 Rb2 52. Ne2 h5 53. Rc8 Rb1 54. Rc1 Rb2 55. Rc8 Ke7 56. Rh8 Rb5 57. Rc8 Kd7 58. Rh8 e5 59. Rh7+ Ke8 60. Rxh5 e4+ 61. Kg4 Rxh5 62. Kxh5 Kf7 63. Kg4 Ke6 64. h4 Bd8 65. h5 Bf6 66. Ng3 Be7 67. Ne2 Bf6 68. Ng3 Be7 69. h6 Kf6 70. f5 e2 71. Nxe2 Bf8 72. h7 Kg7 73. f6+ Kxh7 74. Kf4 1/2-1/2

[Event "18th Mikhail Chigorin Memorial"]
[Site "Sochi URS"]
[Date "1984.10.20"]
[Round "15"]
[White "Barlov, Dragan"]
[Black "Plaskett, Jim"]
[WhiteElo "2480"]
[BlackElo "2470"]
[Result "1-0"]
[EventDate "1984.10.01"]
[PlyCount "101"]

1. c4 b6 2. d4 Bb7 3. Nc3 e6 4. a3 f5 5. Nf3 Nf6 6. Bg5 Be7 7. Bxf6 Bxf6 8. Qd3 O-O 9. e4 fxe4 10. Nxe4 c5 11. h4 Bxd4 12. Nxd4 cxd4 13. Nd6 Nc6 14. Nxb7 Qc7 15. g3 Ne5 16. Qe4 Nf3+ 17. Kd1 Rab8 18. Bd3 g6 19. h5 Qxb7 20. Qxb7 Rxb7 21. hxg6 hxg6 22. Ke2 Ne5 23. f4 Nxd3 24. Kxd3 Rf5 25. Kxd4 b5 26. b4 bxc4 27. Kxc4 a5 28. Rab1 Kg7 29. Kb3 Kf6 30. Ka4 Rbb5 31. Rhd1 axb4 32. axb4 Rb7 33. b5 Ra7+ 34. Kb4 Ke7 35. Re1 Rd5 36. Rbd1 Rh5 37. Rh1 Rf5 38. Rh7+ Ke8 39. Rh8+ Ke7 40. Rh7+ Kd8 41. b6 Rb7 42. Rd6 g5 43. g4 Rxf4+ 44. Kb5 Rf8 45. Rd1 Kc8 46. Rc1+ Kb8 47. Rh2 d5 48. Ra1 e5 49. Rha2 Kc8 50. Ra8+ Rb8 51. R1a7 1-0